000 00344 a2200109 4500
001 ART_12548
005 20260410161907.0
008 260409a
245 1 0 _aLarge firm diversification in British manufacturing industry
100 1 _aUtton, M. A.
773 0 _tThe Economic Journal
_g- Vol. 87, NÂș 345 (mar. 1977)
_wREV12512
999 _c26443
_d26443